00534 2200181 4500001002100000008004100021035002000062245010700082100004300189250000600232260004200238300001200280084001400292082000800306650001400314990001200328990001200340INLIS000000000000625 ind  a0010-0424000601 aKumpulan Soal dan Pembahasan Olimpiade Sains Astronomi Jilid 3cLembaga Olimpiade Pendidikan Indonesia aLembaga Olimpiade Pendidikan Indonesia a1 aJakarta :bBina Prestasi Insanic2014 a115 hlm a520 LEM k a520 aNon Fiksi a0722438 a0722439